00382nam a22001337a 450000500170000000800410001704100130005808200120007110000120008324500450009526000500014030000320019065000260022220240422131305.0240422b |||||||| |||| 00| 0 eng d aEnglish  a349 LAW lEnglish aThe Law Reports: Queen's Bench Division  aLondon: bWilliam Clowes and Sons Ltd, c1896 bxxvii, 723 pages ; c25 cm. aLegal practice bLaw